Statistics for Name the classic Actor

Click here to take the quiz!

General Stats

  • This quiz has been taken 15 times
  • The average score is 8 of 9

Answer Stats

Answer% Correct
Bob Hope
100%
Dustin Hoffman
100%
James Dean
100%
James Stewart
100%
Audrey Hepburn
93%
Dean Martin
93%
Robert Redford
86%
Grace Kelly
79%
Donna Reed
43%

Score Distribution

Percentile by Number Answered

Percent of People with Each Score

Your Score History

You have not taken this quiz